000 00574nam a2200157 a 4500
001 000027999
005 20200930031251.0
008 110406s19uu dr 000 0 spa d
040 _aDO-SdBNP
_bspa
_cBNPHU
082 _axxx
_bR426r
110 1 _aRepública Dominicana
_bSecretaría de Estado de Deportes, Educaión Física y Recreación
_955048
245 1 0 _aReglas de Softbol.
260 _a[Santo Domingo] :
_bSecretaría de Estado de Deportes, Educaión Física y Recreación ;
_bFederación Dominicana de Softbol,
_c[19--?].
300 _a53 p. ;
_c23 cm.
049 _aBNPD
999 _c27491
_d27491